BUBT Library Online Catalog

Principles of Civil Litigation : Bangladesh Perspective/ (Record no. 3774)

000 -LEADER
fixed length control field 00714nam a2200241Ia 4500
003 - CONTROL NUMBER IDENTIFIER
control field BUBTL
008 - FIXED-LENGTH DATA ELEMENTS--GENERAL INFORMATION
fixed length control field 151213s9999 xx 000 0 und d
020 ## - INTERNATIONAL STANDARD BOOK NUMBER
International Standard Book Number 984332755
041 ## - LANGUAGE CODE
Language code of text/sound track or separate title English
082 ## - DEWEY DECIMAL CLASSIFICATION NUMBER
Classification number 347.5492/ Ah511p/ 2006
100 ## - MAIN ENTRY--PERSONAL NAME
Personal name Ahamad, Ishrat Azim
9 (RLIN) 4586
245 ## - TITLE STATEMENT
Title Principles of Civil Litigation : Bangladesh Perspective/
Statement of responsibility, etc. Ishrat Azim Ahmad, Md. Ershadul Karim
250 ## - EDITION STATEMENT
Edition statement 1st edn
260 ## - PUBLICATION, DISTRIBUTION, ETC. (IMPRINT)
Place of publication, distribution, etc. Dhaka
Name of publisher, distributor, etc. Law Lyceum
Date of publication, distribution, etc. c2006
300 ## - PHYSICAL DESCRIPTION
Extent [xivii], 416p. :
Other physical details 21cm.
500 ## - GENERAL NOTE
General note Includes Index
526 ## - STUDY PROGRAM INFORMATION NOTE
Program name Law
650 ## - SUBJECT ADDED ENTRY--TOPICAL TERM
Topical term or geographic name as entry element Law
700 ## - ADDED ENTRY--PERSONAL NAME
Personal name Ishrat Azim Ahmad, Md. Ershadul Karim
9 (RLIN) 4587
856 ## - ELECTRONIC LOCATION AND ACCESS
Password 0
Logon 0
Link text Download
942 ## - ADDED ENTRY ELEMENTS (KOHA)
Source of classification or shelving scheme
Koha item type Books
Holdings
Withdrawn status Lost status Source of classification or shelving scheme Damaged status Not for loan Collection code Permanent location Current location Shelving location Date acquired Source of acquisition Inventory number Total Checkouts Full call number Barcode Date last seen Copy number Price effective from Koha item type Date last checked out
          Non-fiction Bangladesh University of Business and Technology Library Bangladesh University of Business and Technology Library Law Stacks 03/31/2016 Purchase 22265   347.5492/ Ah511p/ 2006 BUBTL-200322265 05/30/2022 C-1 05/30/2022 Books  
          Non-fiction Bangladesh University of Business and Technology Library Bangladesh University of Business and Technology Library Law Stacks 03/31/2016 Purchase 22266 1 347.5492/ Ah511p/ 2006 BUBTL-200322266 12/31/2023 C-2 05/30/2022 Books 08/06/2023
        Not For Loan Non-fiction Bangladesh University of Business and Technology Library Bangladesh University of Business and Technology Library Law Stacks 03/31/2016 Purchase 22267   347.5492/ Ah511p/ 2006 BUBTL-200322267 05/30/2022 C-3 05/30/2022 Books  
        Not For Loan Non-fiction Bangladesh University of Business and Technology Library Bangladesh University of Business and Technology Library Law Stacks 12/22/2009 Purchase 7127   347.5492/ Ah511p/ 2006 BUBTL-20037127 03/20/2024 C-4 03/20/2024 Books  

More Information About Library

Library Hours

  • Open: 9.00 am. to 9.00 pm.
  • Only Sunday: 9.00 am. to 6.00 pm.
  • Closed: Holiday

Contact to the University

Bangladesh University of Business and Technology Library

  • Mirpurl-2, 1216.
  • Phone:
  • Fax:
  • E-Mail: admin.library@bubt.edu.bd

Contact to the Library

Contact Person:

Md. Abdul Hakim Shah
Joint Librarian
PABX No:  113
Cell No: 01816332931
E-mail: official: admin.library@bubt.edu.bd
Personal: hakim.shah@bubt.edu.bd


BUBT Library

Copyright © 2021